书目信息 |
| 题名: |
园境
|
|
| 作者: | 王丽方, 著 | |
| 分册: | ||
| 出版信息: | 上海 上海三联书店 2025.01 |
|
| 页数: | 351页 | |
| 开本: | 23cm | |
| 丛书名: | ||
| 单 册: | ||
| 中图分类: | TU986.62 | |
| 科图分类: | ||
| 主题词: | 古典园林--gu dian yuan lin--园林艺术--文化研究--中国--明代 | |
| 电子资源: | ||
| ISBN: | 978-7-5426-8432-5 | |
| 000 | 01105nam0 2200277 450 | |
| 001 | 95794 | |
| 005 | 20250903132356.62 | |
| 010 | @a978-7-5426-8432-5@dCNY118.00 | |
| 099 | @aCAL 012025024857 | |
| 100 | @a20250318d2025 em y0chiy50 ea | |
| 101 | 0 | @achi |
| 102 | @aCN@b310000 | |
| 105 | @aa a 000yy | |
| 106 | @ar | |
| 200 | 1 | @a园境@Ayuan jing@e明代十一佳园@f王丽方著 |
| 210 | @a上海@c上海三联书店@d2025.01 | |
| 215 | @a351页@c彩图@d23cm | |
| 314 | @a王丽方 (1957-), 参事, 清华大学建筑学院教授、建筑师、博士生导师。 | |
| 320 | @a有书目 (第350-351页) | |
| 330 | @a本书甄选明代出色的私家园林十一座: 寓山园、吴国伦北园、弇山园、澹圃、筼筜谷、西佘山居、吴氏园池、熙园、三洲、荪园和横山草堂, 以园中多处佳境的复原与分析, 突出十一座园林之“佳”, 在普通读者阅读欣赏之外, 也为现代专业建筑师营造园林提供可借鉴的法式。 | |
| 517 | 1 | @a明代十一佳园@Aming dai shi yi jia yuan |
| 606 | 0 | @a古典园林@Agu dian yuan lin@x园林艺术@x文化研究@y中国@z明代 |
| 690 | @aTU986.62@v5 | |
| 701 | 0 | @a王丽方,@Awang li fang@f1957-@4著 |
| 801 | 0 | @aCN@c20250909 |
| 905 | @a河南城建学院图书馆@dTU986.62@eW250-2@f1 | |
| 园境:明代十一佳园/王丽方著.-上海:上海三联书店,2025.01 |
| 351页:彩图;23cm |
| ISBN 978-7-5426-8432-5:CNY118.00 |
| 本书甄选明代出色的私家园林十一座: 寓山园、吴国伦北园、弇山园、澹圃、筼筜谷、西佘山居、吴氏园池、熙园、三洲、荪园和横山草堂, 以园中多处佳境的复原与分析, 突出十一座园林之“佳”, 在普通读者阅读欣赏之外, 也为现代专业建筑师营造园林提供可借鉴的法式。 |
| ● |
| 相关链接 |
|
|
|
正题名:园境
索取号:TU986.62/W250-2
 
预约/预借
| 序号 | 登录号 | 条形码 | 馆藏地/架位号 | 状态 | 备注 |
| 1 | 1629925 | 216299253 | 建筑库201/201建筑库 119排2列3层/ [索取号:TU986.62/W250-2] | 在馆 |